History Quiz

Random History or War Quiz

US Army Ranks (Second World War) Quiz Stats

 Plays Quiz not verified by Sporcle

Support Sporcle.
Go Orange.
Score 0/23 Timer 01:30
0 Plays Today
% Correct
General of the Army
82.7%
Private First Class (PFC)
80.5%
Major
78.8%
2nd Lieutenant
77.9%
Captain
77.5%
Colonel
77.1%
Corporal
76.2%
Lieutenant-Colonel
74%
Warrant Officer (Junior Grade)
73.6%
Sergeant
72.7%
Brigadier-General
71%
Major-General
71%
% Correct
General
70.6%
Lieutenant-General
69.7%
1st Lieutenant
69.3%
Chief Warrant Officer
63.6%
Technician 4th Grade
58.9%
Staff Sergeant
58%
Technician 3rd Grade
55.8%
Master Sergeant
53.7%
First Sergeant
52.4%
Technician 5th Grade
50.2%
Technical Sergeant
40.3%

You're not logged in!

Compare scores with friends on all Sporcle quizzes.
OR
Log In

From the Vault

Music Fan Nickname Match

by MrChewypoo

Let's give it up for the fans. They make sure our favorite music artists feel loved.
Remove Ads.
Support Sporcle.
Get the best of Sporcle when you Go Orange. This ad-free experience offers more features, more stats, and more fun while also helping to support Sporcle. Thank you for becoming a member.

Show Comments

Extras

Top Quizzes Today


Score Distribution

Your Account Isn't Verified!

In order to create a playlist on Sporcle, you need to verify the email address you used during registration. Go to your Sporcle Settings to finish the process.

Report this User

Report this user for behavior that violates our Community Guidelines.

Details: